| 000 | 00614nam a2200181Ia 4500 | ||
|---|---|---|---|
| 003 | GCL | ||
| 008 | 140319s9999 xx 000 0 ara d | ||
| 020 | _a6364509953 | ||
| 040 |
_aGCL / _cGCL |
||
| 082 | 0 | 4 |
_a324.256 _bم د |
| 245 | 1 | 0 | _aالديمقراطية داخل الاحزاب فى البلدان العربية |
| 260 |
_aبيروت : _bمركز دراسات الوحدة العربية ، _c2004 |
||
| 300 |
_a480 ص ؛ _c24 سم |
||
| 650 | 0 | 4 | _aالديمقراطية |
| 650 | 0 | 4 | _aالاحزاب السياسية |
| 650 | 0 | 4 | _aمصر - الحزب الوطنى الديمقراطى |
| 942 |
_2ddc _cBK |
||
| 999 |
_c7119 _d7119 |
||